| 000 | 00854nam a22002897a 4500 | ||
|---|---|---|---|
| 003 | OSt | ||
| 005 | 20220209134539.0 | ||
| 008 | 220117b |||||||| |||| 00| 0 eng d | ||
| 020 | _aT134 | ||
| 040 | _cSTCP | ||
| 041 | _aENG | ||
| 082 |
_a894.812 _bTHO-M |
||
| 100 | _aThomas P.T. | ||
| 110 | _aGuided by M. Gopalakrishnan Nair | ||
| 111 | _aMahatma Gandhi University Kottayam, Department of Malayalam, St Thaomas College Palai | ||
| 245 |
_aMalayalathile Ramayananadakangal : _bOru Padanam / _cby Thomas P.T. _hമലയാളത്തിലെ രാമായണനാടകങ്ങൾ : ഒരു പഠനം |
||
| 260 |
_aPala : _c1998 |
||
| 300 |
_a335 p. _bHB |
||
| 650 | _aMalayalam | ||
| 942 | _cTHE | ||
| 942 |
_n0 _2ddc |
||
| 942 |
_2ddc _n0 |
||
| 942 |
_n0 _2ddc |
||
| 942 |
_n0 _2ddc |
||
| 942 |
_n0 _2ddc |
||
| 942 |
_2ddc _n0 |
||
| 999 |
_c75531 _d75531 |
||